| 000 | 00772nam a2200205 a 4500 | ||
|---|---|---|---|
| 008 | 060316s1978 ||||||||||||||||| || u | ||
| 020 | _a0582485924 | ||
| 050 | _aHC 79.D5 Con | ||
| 100 | _aHamilton, F. E. Ian | ||
| 245 | 1 | 0 |
_aContemporary industrialization : spatial analysis and regional development / _cedited by F. E. Ian Hamilton |
| 260 |
_aLondon: _bLongman _c1978. |
||
| 300 | _ax, 203p. : ill. | ||
| 350 | _a0.00 | ||
| 500 | _aIncludes bibliographies and index. | ||
| 650 | _aINDUSTRY | ||
| 650 | _aINDUSTRIAL LOCATION | ||
| 650 | _aINDUSTRIALIZATION--CONGRESSES | ||
| 650 | _aREGIONAL ECONOMICS | ||
| 995 |
_D0.00 _FCBU-MAIN LIBRARY (Kitwe) _H1 _I3.95 _M1 _UAVAILABLE _ZMain Library Open Access Collection |
||
| 999 |
_c38637 _d38637 |
||